00810 2200289 4500001002100000005001700021008004100038035002400079082001300103090002000116100001700136245007500153250001100228260004100239300002600280440002800306500002700334500002700361650003500388700001600423700001900439850001500458980001100473985000600484999001500490999001500505YOGYA-0209000000489020090227020743.0 ind  0010-020900000004890 a001.6424 a001.6424bSut S aSUTEJA, Wira aSPK : Lotus 1-2-3 untuk SMAcWira Sutedja, Joseph Roy, S. Budhisuharto aCet. 4 aJakartabElex Media Komputindoc1995 a... bukubilusc20 cm aSeri pelajaran komputer aYang diterima : Buku I aBibliografi : hlm. 165 aLotus 1-2-3 (Program Komputer) aRoy, Joseph aBudisuahrto, S aYOPDYOG(B) a170505 a2 a95P0070903 a95P0070904